banner koha

Máquinas e implementos agrícolas (Registro n. 329398)

MARC details
000 -LÍDER
Campo de controle fixo 00932nam a22003617a 4500
001 - NÚMERO DE CONTROLE
Número de controle BR2024004370
003 - CÓDIGO MARC DA AGÊNCIA CATALOGADORA
Campo de controle BR-BrBNA
005 - DATA E HORA DA ÚLTIMA ATUALIZAÇÃO
Campo de controle 20241221222453.0
008 - CAMPO DE TAMANHO FIXO
Campo fixo de controle 241221b bl.||||| |||| 00| 0 por d
020 ## - ISBN - INTERNATIONAL STANDARD BOOK NUMBER
ISBN 978-85-365-0643-2
040 ## - FONTE DA CATALOGAÇÃO
Agência catalogadora BR-BrBNA
Idioma da catalogação por
041 ## - CÓDIGO DO IDIOMA
Código do Idioma por
072 ## - CATEGORIA AGRIS
Código da categoria de assunto/objeto <a href="N20">N20</a>
Código do objeto 4500
090 ## - NÚMERO DE CHAMADA
Localização na estante 4500 BR2024004370
100 0# - ENTRADA PRINCIPAL - NOME PESSOAL
Nome pessoal Silva, Rui Corrêa da
245 ## - TÍTULO PRINCIPAL
Título principal Máquinas e implementos agrícolas
260 ## - IMPRENTA (PUBLICAÇÃO, DISTRIBUIÇÃO, ETC.)
Lugar de publicação, distribuição, etc. São Paulo, SP (Brasil)
Nome do editor, distribuidor, etc. Érica
Data de publicação, distribuição, etc 2014
300 ## - DESCRIÇÃO FÍSICA
Extensão 120 p.
500 ## - NOTA GERAL
Notas gerais 19 ref.; 58 illus.; 4 tables
650 ## - ASSUNTO - THESAGRO
Cabeçalho tópico ou nome geográfico MÁQUINA AGRÍCOLA
650 ## - ASSUNTO - THESAGRO
Cabeçalho tópico ou nome geográfico IMPLEMENTO AGRÍCOLA
650 ## - ASSUNTO - THESAGRO
Cabeçalho tópico ou nome geográfico MECANIZAÇÃO AGRÍCOLA
650 ## - ASSUNTO - THESAGRO
Cabeçalho tópico ou nome geográfico MANUTENÇÃO
650 ## - ASSUNTO - THESAGRO
Cabeçalho tópico ou nome geográfico TRATOR
650 ## - ASSUNTO - THESAGRO
Cabeçalho tópico ou nome geográfico MOTOR
650 ## - ASSUNTO - THESAGRO
Cabeçalho tópico ou nome geográfico LUBRIFICAÇÃO
650 ## - ASSUNTO - THESAGRO
Cabeçalho tópico ou nome geográfico LUBRIFICANTE
650 ## - ASSUNTO - THESAGRO
Cabeçalho tópico ou nome geográfico TRAÇÃO ANIMAL
650 ## - ASSUNTO - THESAGRO
Cabeçalho tópico ou nome geográfico TRAÇÃO MECANIZADA
650 ## - ASSUNTO - THESAGRO
Cabeçalho tópico ou nome geográfico MECÂNICA
909 ## - IDENTIFICAÇÃO DO CATALOGADOR
Ano e mês da catalogação (aaaamm) 202412
Identificação do catalogador Fernando
942 ## - TIPO ESPECÍFICO
Tipo de material Livros
952 ## - LOCATION AND ITEM INFORMATION (KOHA)
-- 2024-12-21
Exemplares
Status de empréstimo Fonte de classificação Status de danificação Não pode ser emprestado Código da coleção Localização permanente Localização atual Localização na estante Total Checkouts Número de chamada Código de barras Tipo de material
  Classificação AGRIS     Agrobase Biblioteca Nacional de Agricultura - Binagri Biblioteca Nacional de Agricultura - Binagri Agrobase - Acervo Geral   4500 BR2024004370 2025-0252 Livros

BINAGRI

Telefone: (61)3218-2567/2388/3357/2097 - binagri@agro.gov.br

Ministério da Agricultura e Pecuária , Esplanada dos Ministérios, Bloco D, Anexo B, Brasília/DF, CEP: 70.043-900